Современные тенденции шлифования и абразивной обработки

Bibliografiset tiedot
Päätekijä: Никифоров И. П. Игорь Петрович
Yhteenveto:В монографии представлен обзор 500 научных работ (статей), опубликованных за последние десять лет в научных изданиях России, Украины и Белоруссии, а также более 60 авторефератов диссертаций на соискание учёной степени кандидата (доктора) технических наук, защищенных в вузах России за последние 5-6 лет по направлению «абразивная обработка» и «шлифование», в частности. Издание может быть полезно студентам, магистрантам, аспирантам, соискателям учёных степеней, учёным и работникам машиностроительных предприятий, ведущим исследования в области шлифования и абразивной обработки, особенно при написании обзорных глав диссертационных работ и уточнения направления вектора научного исследования. По характеру представления информации работа не имеет аналогов.
Kieli:venäjä
Julkaistu: Старый Оскол, ТНТ, 2012
Aiheet:
Aineistotyyppi: Kirja
KOHA link:https://koha.lib.tpu.ru/cgi-bin/koha/opac-detail.pl?biblionumber=211818

MARC

LEADER 00000nam0a2200000 4500
001 211818
005 20231101225717.0
010 |a 9785941783052 
035 |a (RuTPU)RU\TPU\book\231411 
090 |a 211818 
100 |a 20120320d2012 k y0rusy50 ca 
101 0 |a rus 
102 |a RU 
105 |a y z 001zy 
200 1 |a Современные тенденции шлифования и абразивной обработки  |f И. П. Никифоров 
210 |a Старый Оскол  |c ТНТ  |d 2012 
215 |a 558 с. 
320 |a Библиогр.: с. 487-549. 
320 |a Именной указатель: с. 477-486. 
330 |a В монографии представлен обзор 500 научных работ (статей), опубликованных за последние десять лет в научных изданиях России, Украины и Белоруссии, а также более 60 авторефератов диссертаций на соискание учёной степени кандидата (доктора) технических наук, защищенных в вузах России за последние 5-6 лет по направлению «абразивная обработка» и «шлифование», в частности. Издание может быть полезно студентам, магистрантам, аспирантам, соискателям учёных степеней, учёным и работникам машиностроительных предприятий, ведущим исследования в области шлифования и абразивной обработки, особенно при написании обзорных глав диссертационных работ и уточнения направления вектора научного исследования. По характеру представления информации работа не имеет аналогов. 
606 1 |a Шлифование металлов  |x Производительность  |2 stltpush  |3 (RuTPU)RU\TPU\subj\19338  |9 44594 
610 1 |a абразивная обработка 
610 1 |a становление 
610 1 |a развитие 
610 1 |a этапы 
610 1 |a исследования 
610 1 |a Россия 
610 1 |a направления 
610 1 |a абразивные материалы 
610 1 |a абразивные инструменты 
610 1 |a абразивные зерна 
610 1 |a стружкообразование 
610 1 |a режимы резания 
610 1 |a износ 
610 1 |a стойкость 
610 1 |a моделирование 
610 1 |a оптимизация 
610 1 |a диссертационные исследования 
610 1 |a прогнозирование 
675 |a 621.923.014  |v 3 
700 1 |a Никифоров  |b И. П.  |g Игорь Петрович 
801 1 |a RU  |b 63413507  |c 20120320 
801 2 |a RU  |b 63413507  |c 20150618  |g RCR 
900 |a Технология машиностроения 
900 |a Технология машиностроительного производства 
900 |a Технологические процессы машиностроительного производства 
942 |c BK 
959 |a 43/20120320  |d 2  |e 0,00  |f ЧЗТЛ:1  |f АНЛ:1